01114nam a2200265 a 450000500170000000800410001701000140005802000260007203500130009803700150011104000180012608200180014410000260016224501590018826000450034727000660039230000210045850000510047961000280053065000420055865100490060094200320064999900170068195201500069820020626165708.0000825s2001 nyu | b 00| 1 eng  aENG-91581 a9788124114124c295.00 aEN-75114 bDBAD / PUB adplbEnglish  a305.512209541 aSharma, Brij Kishore  aSocial, economic and political contribution of caste associations in Northern India:cby Brij Kishore Sharma b(a case study of All India Jat Mahasabha) / aNew Delhi bHar-Anand Publicationsc2008 aE-49/3, Okhla Industrial Area, Phase-II, bNew Delhi e110020 a148p.c22cm (Hb) aIncludes bibliographical references and index  aAll India Jat Mahasabha aJatszIndiaxSocieties, etcvSources. aIndia xPolitics and Government y1919-1947 2ddccENmSHAh305.512209541 c18201d18201 00102ddc40718NFICaDBADbDBADd2008-11-07eDBAD / PUBg295.00l0o305.512209541 SHApEN-75114r2008-11-07 00:00:00t1v295.00w2008-11-07yEN